Library Banner

Mustafa Kemal Ataturk, modern Turkey and Pakistan : (Record no. 100167)

MARC details
000 -LEADER
fixed length control field 00714cam a22001934a 4500
001 - CONTROL NUMBER
control field 14106014
005 - DATE AND TIME OF LATEST TRANSACTION
control field 20171125090411.0
008 - FIXED-LENGTH DATA ELEMENTS--GENERAL INFORMATION
fixed length control field 050913s2005 pk 001 0 eng
020 ## - INTERNATIONAL STANDARD BOOK NUMBER
International Standard Book Number 9694150760
040 ## - CATALOGING SOURCE
Transcribing agency PK-LaUMT
082 ## - DEWEY DECIMAL CLASSIFICATION NUMBER
Classification number TRC 956.1023
Item number MUS-
245 00 - TITLE STATEMENT
Title Mustafa Kemal Ataturk, modern Turkey and Pakistan :
Remainder of title some aspects /
Statement of responsibility, etc edited by Riaz Ahmad
260 ## - PUBLICATION, DISTRIBUTION, ETC. (IMPRINT)
Place of publication, distribution, etc Islamabad :
Name of publisher, distributor, etc National Institute of Historical and Cultural Research :
-- Quaid-iAzam Chair (NIPS), Quaid-i-Azam Univ.,
Date of publication, distribution, etc 2005
300 ## - PHYSICAL DESCRIPTION
Extent 156 p. ;
Dimensions 26 cm.
700 1# - ADDED ENTRY--PERSONAL NAME
Personal name Ahmad, Riaz.
710 2# - ADDED ENTRY--CORPORATE NAME
Corporate name or jurisdiction name as entry element National Institute of Historical and Cultural Research (Pakistan).
710 2# - ADDED ENTRY--CORPORATE NAME
Corporate name or jurisdiction name as entry element National Institute of Pakistan Studies.
942 ## - ADDED ENTRY ELEMENTS (KOHA)
Koha item type Turkish Collection
Holdings
Withdrawn status Lost status Damaged status Home library Current library Date acquired Full call number Barcode Date last seen Price effective from Koha item type
      UMT Main Campus UMT Main Campus 2017-11-22 TRC 956.1023 MUS- 116027 2018-12-31 2017-11-22 Turkish Collection